A Sociology of work in industry
Gorde:
| Egile nagusia: | |
|---|---|
| Formatua: | Liburua |
| Hizkuntza: | Undetermined |
| Argitaratua: |
London
Collier- Macmillian Publishers
1971
|
| Gaiak: | |
| Etiketak: |
Etiketa erantsi
Etiketarik gabe, Izan zaitez lehena erregistro honi etiketa jartzen!
|
| Thư viện lưu trữ: | Trung tâm Học liệu Trường Đại học Cần Thơ |
|---|
| LEADER | 00485nam a2200181Ia 4500 | ||
|---|---|---|---|
| 001 | CTU_83488 | ||
| 008 | 210402s9999 xx 000 0 und d | ||
| 082 | |a 301.5 | ||
| 082 | |b F791 | ||
| 100 | |a Fox, Alan | ||
| 245 | 2 | |a A Sociology of work in industry | |
| 245 | 0 | |c Alan Fox | |
| 260 | |a London | ||
| 260 | |b Collier- Macmillian Publishers | ||
| 260 | |c 1971 | ||
| 650 | |a Industrial sociology | ||
| 904 | |i QHieu(sửa) | ||
| 980 | |a Trung tâm Học liệu Trường Đại học Cần Thơ | ||